La política de reforma agraria y tierras en Colombia (Registro nro. 7070)

Detalles MARC
000 -LEADER
fixed length control field 02110nam a2200289 a 4500
005 - DATE AND TIME OF LATEST TRANSACTION
control field 20250329170944.0
006 - FIXED-LENGTH DATA ELEMENTS--ADDITIONAL MATERIAL CHARACTERISTICS
fixed length control field m d
007 - PHYSICAL DESCRIPTION FIXED FIELD--GENERAL INFORMATION
fixed length control field cr cnu---uuuuu
008 - FIXED-LENGTH DATA ELEMENTS--GENERAL INFORMATION
fixed length control field 131210s2013 s 000 0 eng d
020 ## - INTERNATIONAL STANDARD BOOK NUMBER
International Standard Book Number 978-958-58167-1-8
040 ## - CATALOGING SOURCE
Original cataloging agency CO-CtgCURN
Language of cataloging spa
Transcribing agency coctgcurn
082 04 - DEWEY DECIMAL CLASSIFICATION NUMBER
Classification number 333.318
Item number C397
110 2# - MAIN ENTRY--CORPORATE NAME
Corporate name or jurisdiction name as entry element Centro Nacional de Memoria Histórica.
245 13 - TITLE STATEMENT
Title La política de reforma agraria y tierras en Colombia
Medium [electronic resource] :
Remainder of title Esbozo de una memoria institucional /
Statement of responsibility, etc. Centro Nacional de Memoria Histórica.
250 ## - EDITION STATEMENT
Edition statement Primera edición.
260 ## - PUBLICATION, DISTRIBUTION, ETC.
Place of publication, distribution, etc. Bogotá :
Name of publisher, distributor, etc. Centro Nacional de Memoria Histórica,
Date of publication, distribution, etc. 2013.
300 ## - PHYSICAL DESCRIPTION
Extent 207 páginas . ;
Dimensions 23 cm.
500 ## - GENERAL NOTE
General note "Informe del Centro Nacional de Memoria Histórica"--Cubierta.
504 ## - BIBLIOGRAPHY, ETC. NOTE
Bibliography, etc. note Bibliografía: páginas 191-207.
520 2# - SUMMARY, ETC.
Summary, etc. El documento se organiza en nueve capítulos, que se inician con las relaciones entre la reforma agraria, la política de tierras y el desarrollo rural, que simplemente recuerdan al lector unas diferencias necesarias para entender el ámbito de este esbozo de políticas. Continúa con algunos antecedentes y los contextos para luego ubicar temas específicos, como las razones o justificaciones de la reforma agraria; las visiones sobre el problema de tierras y los procesos reformistas; las evaluaciones de las políticas; las propuestas de políticas hasta el año 2010 y un relato sobre las políticas de restitución de tierras y los debates más contemporáneos sobre el tema de tierras que contempla las propuestas que vienen de las conversaciones de paz en La Habana.
650 14 - SUBJECT ADDED ENTRY--TOPICAL TERM
Topical term or geographic name entry element Reforma agraria.
650 24 - SUBJECT ADDED ENTRY--TOPICAL TERM
Topical term or geographic name entry element Política agricola.
650 24 - SUBJECT ADDED ENTRY--TOPICAL TERM
Topical term or geographic name entry element Desarrollo agricola.
856 7# - ELECTRONIC LOCATION AND ACCESS
Uniform Resource Identifier <a href="https://unicurn.sharepoint.com/sites/biblioteca/Conservacin/Forms/AllItems.aspx?id=%2Fsites%2Fbiblioteca%2FConservacin%2Fkoha%2FLibros%2F978%2D958%2D58167%2D1%2D8%2Epdf&parent=%2Fsites%2Fbiblioteca%2FConservacin%2Fkoha%2FLibros&p=true&ga=1">https://unicurn.sharepoint.com/sites/biblioteca/Conservacin/Forms/AllItems.aspx?id=%2Fsites%2Fbiblioteca%2FConservacin%2Fkoha%2FLibros%2F978%2D958%2D58167%2D1%2D8%2Epdf&parent=%2Fsites%2Fbiblioteca%2FConservacin%2Fkoha%2FLibros&p=true&ga=1</a>
Public note Click para ver el texto completo
942 ## - ADDED ENTRY ELEMENTS (KOHA)
Koha item type Libros electrónicos
Source of classification or shelving scheme Dewey Decimal Classification
Classification part 333.318
Item part C397
Existencias
Withdrawn status Lost status Source of classification or shelving scheme Damaged status Not for loan Collection Home library Current library Shelving location Date acquired Inventory number Total checkouts Full call number Barcode Date last seen Price effective from Koha item type
    Dewey Decimal Classification     Libros electrónicos Miguel Henríquez Castañeda Miguel Henríquez Castañeda     021714   333.318 021714 03/29/2025 03/29/2025 Libros electrónicos